| 000 | 00933nam a22002537a 4500 | ||
|---|---|---|---|
| 005 | 2011012804294.0 | ||
| 008 | 110128t xxu||||| |||| 00| 0 eng d | ||
| 010 | _aENG-101976 | ||
| 020 |
_a9788183334020 _c99.00 |
||
| 035 | _aEN-85509 | ||
| 037 | _bDBAD/PUB | ||
| 040 |
_adpl _bEng |
||
| 082 | _a005.5 | ||
| 100 |
_aJain, Satish _91584 |
||
| 245 |
_aMicrosoft Office 2007 training guide : _cby Satish Jain , M. Geetha [and] Kratika _bvisual approach to learning MS Office 2007 package / |
||
| 260 |
_aNew Delhi _bBPB Publications _c2011 |
||
| 270 |
_aB-14, Connaught Place _bNew Delhi _e110001 |
||
| 300 |
_axv,174p. : _c23cm (pbk) _bill. |
||
| 500 | _aIncludes index | ||
| 700 |
_aGeetha, M. _9918 |
||
| 700 |
_aKratika _925683 |
||
| 942 |
_2ddc _cEN _mJAI _h005.5 |
||
| 999 |
_c50181 _d50181 |
||